[Event "Rome Nobile Memorial 4th"]
[Site "Rome"]
[Date "2011.02.24"]
[Round "7"]
[White "Chianura, Mimmo"]
[Black "Casella, Carlo"]
[Result "1-0"]
[WhiteElo "1667"]
[BlackElo "1691"]
[PlyCount "59"]
[EventDate "2011.01.13"]
[EventType "swiss"]
[EventRounds "7"]
[EventCountry "ITA"]
[SourceTitle "EXT 2012"]
[Source "ChessBase"]
[SourceDate "2011.11.24"]
[SourceVersion "1"]
[SourceVersionDate "2011.11.24"]
[SourceQuality "1"]

1. e4 c5 2. Nf3 a6 3. d4 cxd4 4. Nxd4 e5 5. Nf3 Nf6 6. Bg5 Nc6 7. Nc3 Bb4 8. Bc4 Bxc3+ 9. bxc3 h6 10. Bxf6 Qxf6 11. 0-0 0-0 12. Qd5 d6 13. Rad1 Be6 14. Qd3 Bxc4 15. Qxc4 Rfd8 16. Rd3 Rac8 17. Qb3 Rc7 18. Rfd1 Rcd7 19. g3 g5 20. Nd2 Qe6 21. Nc4 b5 22. Nb6 Rb7 23. Nd5 Kg7 24. Qa3 a5 25. Ne3 Kg6 26. Rxd6 Rxd6 27. Rxd6 b4 28. Rxe6+ fxe6 29. cxb4 axb4 30. Qa6 1-0

[Event "Rome Nobile Memorial 4th"]
[Site "Rome"]
[Date "2011.01.27"]
[Round "4"]
[White "Chianura, Mimmo"]
[Black "Bogosavljevic, Miodrag"]
[Result "0-1"]
[WhiteElo "1667"]
[BlackElo "1898"]
[PlyCount "88"]
[EventDate "2011.01.13"]
[EventType "swiss"]
[EventRounds "7"]
[EventCountry "ITA"]
[SourceTitle "EXT 2012"]
[Source "ChessBase"]
[SourceDate "2011.11.24"]
[SourceVersion "1"]
[SourceVersionDate "2011.11.24"]
[SourceQuality "1"]

1. e4 c5 2. Nf3 d6 3. d4 cxd4 4. Nxd4 Nf6 5. Nc3 g6 6. f4 Bg7 7. e5 Ng8 8. Bb5+ Kf8 9. 0-0 Nh6 10. Nf3 Nc6 11. exd6 exd6 12. Ne4 Qb6+ 13. Kh1 Qxb5 14. Qxd6+ Kg8 15. Nf6+ Bxf6 16. Qxf6 Qf5 17. Qc3 Ng4 18. b3 h6 19. Bb2 Rh7 20. h3 Be6 21. hxg4 Qxg4 22. Nd2 Ne7 23. Ne4 Qh4+ 24. Kg1 Nd5 25. Qf3 f5 26. Nc5 Qe7 27. Nxe6 Qxe6 28. Rfe1 Qb6+ 29. Kh1 Rd7 30. c4 Nf6 31. Qc3 Rf7 32. Re2 Kh7 33. Rae1 Ne4 34. Rxe4 fxe4 35. Rxe4 Qf2 36. Qe5 Rd8 37. Bd4 Qxa2 38. Qe6 Qb1+ 39. Kh2 Rdf8 40. Bc5 Rf6 41. Qd7+ R8f7 42. Re7 Qf5 43. Qxb7 Qxf4+ 44. Kh1 Qh4+ 0-1